[Event "BCF-chT3Sb 1920 (4NCL)"]
[Site "England"]
[Date "2020.02.08"]
[Round "5.82"]
[White "Duggan, Michael"]
[Black "Webb, Richard M"]
[Result "0-1"]
[WhiteElo "2027"]
[BlackElo "2215"]
[PlyCount "76"]
[EventDate "2019.11.09"]
[EventType "team-tourn"]
[EventRounds "11"]
[EventCountry "ENG"]
[SourceTitle "EXT 2023"]
[Source "ChessBase"]
[SourceDate "2022.10.05"]
[SourceVersion "1"]
[SourceVersionDate "2022.10.05"]
[SourceQuality "1"]
[WhiteTeam "Wessex II"]
[BlackTeam "Crowthorne"]
[WhiteTeamCountry "ENG"]
[BlackTeamCountry "ENG"]

1. d4 Nf6 2. Nc3 d5 3. Bf4 g6 4. e3 Bg7 5. h4 c6 6. Be2 h5 7. a4 a5 8. Nf3 Bg4 9. Ne5 Bxe2 10. Qxe2 Nbd7 11. 0-0 0-0 12. Rfd1 Qb6 13. Rab1 Rad8 14. f3 Nxe5 15. Bxe5 Nd7 16. Bxg7 Kxg7 17. e4 dxe4 18. fxe4 Ne5 19. Qd2 Ng4 20. Ne2 e5 21. c3 Rfe8 22. b4 exd4 23. Nxd4 Qc7 24. Nf5+ gxf5 25. Qg5+ Kf8 26. Rxd8 Rxd8 27. e5 Qe7 28. Qxf5 Qxe5 29. Qxe5 Nxe5 30. bxa5 Rd7 31. Kf2 Ke7 32. Kg3 Nc4 33. a6 bxa6 34. Kf4 Rd5 35. Rb4 Ne5 36. Rb6 a5 37. Ra6 Kd6 38. Ra8 Nd3+ 0-1

[Event "Frome op"]
[Site "Frome"]
[Date "2018.05.19"]
[Round "2"]
[White "Clancy, Martin J"]
[Black "Duggan, Michael"]
[Result "0-1"]
[WhiteElo "1820"]
[BlackElo "2080"]
[PlyCount "42"]
[EventDate "2018.05.18"]
[EventType "swiss"]
[EventRounds "5"]
[EventCountry "ENG"]
[SourceTitle "CBM 184 Extra"]
[Source "ChessBase"]
[SourceDate "2018.06.28"]
[SourceVersion "1"]
[SourceVersionDate "2018.06.28"]
[SourceQuality "1"]

1. e4 c6 2. d4 d5 3. Nc3 dxe4 4. f3 exf3 5. Nxf3 Bg4 6. Bc4 e6 7. 0-0 Nf6 8. h3 Bh5 9. g4 Bg6 10. Ne5 Nbd7 11. Nxg6 hxg6 12. Qf3 Nb6 13. Bb3 Qd7 14. Bf4 c5 15. a4 Qc6 16. Qg3 cxd4 17. a5 dxc3 18. axb6 Bc5+ 19. Kh2 0-0 20. Be5 cxb2 21. Bxb2 Bd6 0-1

[Event "Frome op"]
[Site "Frome"]
[Date "2018.05.18"]
[Round "1"]
[White "Duggan, Michael"]
[Black "Whitehead, Mark A"]
[Result "1/2-1/2"]
[WhiteElo "2080"]
[BlackElo "1897"]
[PlyCount "73"]
[EventDate "2018.05.18"]
[EventType "swiss"]
[EventRounds "5"]
[EventCountry "ENG"]
[SourceTitle "CBM 184 Extra"]
[Source "ChessBase"]
[SourceDate "2018.06.28"]
[SourceVersion "1"]
[SourceVersionDate "2018.06.28"]
[SourceQuality "1"]

1. e4 c5 2. Nc3 a6 3. f4 b5 4. Nf3 Bb7 5. d3 e6 6. Qe2 d6 7. g3 Be7 8. Bg2 b4 9. Nd1 Nc6 10. 0-0 Nf6 11. c3 0-0 12. h3 a5 13. g4 Re8 14. Ne3 d5 15. e5 Nd7 16. Qf2 Ba6 17. Rd1 Rc8 18. d4 bxc3 19. bxc3 cxd4 20. cxd4 Nb4 21. Bf1 Bxf1 22. Kxf1 Qb6 23. a3 Qa6+ 24. Kg1 Nc6 25. f5 Rf8 26. g5 exf5 27. Nxd5 Qb5 28. Qa2 Nb6 29. Nxb6 Qxb6 30. Be3 Qb7 31. d5 Nb8 32. Rab1 Qd7 33. d6 Bd8 34. Qd5 f4 35. Bxf4 Qxh3 36. Nh2 Nd7 37. Qf3 1/2-1/2

[Event "Hastings Masters op 81st"]
[Site "Hastings"]
[Date "2006.01.05"]
[Round "9"]
[White "Ziska, Helgi Dam"]
[Black "Duggan, Michael"]
[Result "1-0"]
[WhiteElo "2251"]
[BlackElo "2082"]
[PlyCount "137"]
[EventDate "2005.12.28"]
[EventType "swiss"]
[EventRounds "10"]
[EventCountry "ENG"]
[SourceTitle "CBM 110 Extra"]
[Source "ChessBase"]
[SourceDate "2006.03.10"]
[SourceVersion "2"]
[SourceVersionDate "2006.03.10"]
[SourceQuality "1"]

1. e4 c5 2. Nf3 d6 3. d4 cxd4 4. Nxd4 Nf6 5. Nc3 g6 6. Be3 Bg7 7. f3 Nc6 8. Qd2 0-0 9. 0-0-0 Nxd4 10. Bxd4 Be6 11. Kb1 Qc7 12. Nd5 Bxd5 13. exd5 Rfc8 14. Rc1 Qd7 15. g4 Qa4 16. c4 b5 17. b3 Qa3 18. Bb2 Qc5 19. g5 Nd7 20. cxb5 Qb6 21. Rc6 Rxc6 22. dxc6 Ne5 23. Be2 Qf2 24. Rf1 Qg2 25. f4 Ng4 26. Bxg7 Kxg7 27. Qc3+ Kg8 28. Qf3 Qxf3 29. Rxf3 e5 30. Rc3 Nf2 31. c7 Rc8 32. b6 axb6 33. Ba6 Ne4 34. Rc2 Rxc7 35. Rxc7 exf4 36. h4 Nd2+ 37. Kc1 Nf3 38. Rc4 Nxh4 39. Rxf4 Nf5 40. Rxf5 gxf5 41. a4 f6 42. Bc4+ Kg7 43. b4 fxg5 44. a5 bxa5 45. bxa5 g4 46. a6 g3 47. Bf1 f4 48. a7 f3 49. a8Q g2 50. Bxg2 fxg2 51. Qxg2+ Kf6 52. Kd2 h6 53. Kd3 Ke5 54. Qh2+ Kd5 55. Qxh6 Kc5 56. Qf8 Kd5 57. Qf5+ Kc6 58. Kc4 Kc7 59. Qb5 Kd8 60. Qb7 d5+ 61. Kxd5 Ke8 62. Ke6 Kd8 63. Qa8+ Kc7 64. Qa6 Kb8 65. Qc6 Ka7 66. Qb5 Ka8 67. Kd7 Ka7 68. Kc6 Ka8 69. Qb7# 1-0

[Event "Hastings Masters op 81st"]
[Site "Hastings"]
[Date "2005.12.30"]
[Round "3"]
[White "Ziska, Andrias"]
[Black "Duggan, Michael"]
[Result "0-1"]
[WhiteElo "1819"]
[BlackElo "2082"]
[PlyCount "62"]
[EventDate "2005.12.28"]
[EventType "swiss"]
[EventRounds "10"]
[EventCountry "ENG"]
[SourceTitle "CBM 110 Extra"]
[Source "ChessBase"]
[SourceDate "2006.03.10"]
[SourceVersion "2"]
[SourceVersionDate "2006.03.10"]
[SourceQuality "1"]

1. e4 c5 2. Nf3 d6 3. d4 cxd4 4. Nxd4 Nf6 5. Nc3 g6 6. Be3 Bg7 7. f3 Nc6 8. Qd2 0-0 9. 0-0-0 d5 10. Kb1 e6 11. Be2 Ne5 12. Nb3 b5 13. Bxb5 Bb7 14. Bc5 dxe4 15. Bxf8 Qxf8 16. fxe4 Nxe4 17. Nxe4 Bxe4 18. Rhe1 Bd5 19. Bf1 Qb8 20. Qa5 Nc6 21. Qa4 Nb4 22. a3 a5 23. axb4 axb4 24. Na5 Qd8 25. Qxb4 Rxa5 26. Rxd5 Rxd5 27. Bd3 Rd6 28. Qc4 Rd4 29. Qa6 Rb4 30. b3 Rb8 31. Be4 Qd2 0-1

[Event "BCF-chT3 0506 (4NCL)"]
[Site "Birmingham"]
[Date "2005.11.19"]
[Round "3.4"]
[White "Duggan, Michael"]
[Black "Brown, Alan M"]
[Result "1-0"]
[WhiteElo "2082"]
[BlackElo "2142"]
[PlyCount "83"]
[EventDate "2005.10.22"]
[EventType "team"]
[EventRounds "11"]
[EventCountry "ENG"]
[SourceTitle "EXT 2007"]
[Source "ChessBase"]
[SourceDate "2006.11.23"]
[SourceVersion "1"]
[SourceVersionDate "2006.11.23"]
[SourceQuality "1"]
[WhiteTeam "Slough Sharks III"]
[BlackTeam "SW Dragons II"]
[WhiteTeamCountry "ENG"]
[BlackTeamCountry "ENG"]

1. e4 e6 2. d4 d5 3. e5 c5 4. dxc5 Bxc5 5. Qg4 g6 6. b4 Bf8 7. b5 Qc7 8. Nf3 Nd7 9. Qg3 Bg7 10. Bb2 Qxc2 11. Ba3 Qe4+ 12. Be2 Nxe5 13. Ng5 Qd4 14. 0-0 h6 15. Rd1 Qxa1 16. Nc3 Qxd1+ 17. Bxd1 hxg5 18. b6 Bd7 19. Na4 Nc4 20. Qc7 axb6 21. Qxb7 Rd8 22. Bc1 Be5 23. Nxb6 Nxb6 24. Qxb6 Rb8 25. Qe3 Bxh2+ 26. Kf1 Bf4 27. Qa7 Bb5+ 28. Kg1 Bh2+ 29. Kh1 Bd6+ 30. Kg1 Bh2+ 31. Kh1 Ne7 32. g3 Nc6 33. Qc5 Bxg3+ 34. Kg2 Be5 35. a4 Rh2+ 36. Kg1 Bd3 37. Qxc6+ Kf8 38. Ba3+ Kg8 39. Bd6 Be4 40. f3 Rbb2 41. Qe8+ Kh7 42. Qxf7+ 1-0

[Event "BCF-chT4b 0405 (4NCL)"]
[Site "Telford"]
[Date "2005.04.17"]
[Round "8.2"]
[White "Duggan, Michael"]
[Black "Calvert, David Ian"]
[Result "1/2-1/2"]
[WhiteElo "2096"]
[BlackElo "2065"]
[PlyCount "94"]
[EventDate "2004.11.06"]
[EventType "team"]
[EventRounds "11"]
[EventCountry "ENG"]
[SourceTitle "EXT 2006"]
[Source "ChessBase"]
[SourceDate "2005.11.24"]
[SourceVersion "1"]
[SourceVersionDate "2005.11.24"]
[SourceQuality "1"]
[WhiteTeam "Slough III"]
[BlackTeam "Metropolitan"]
[WhiteTeamCountry "ENG"]
[BlackTeamCountry "ENG"]

1. e4 d5 2. exd5 Qxd5 3. Nc3 Qa5 4. Bc4 c6 5. Nf3 Nf6 6. 0-0 Bg4 7. Re1 e6 8. d4 Bb4 9. Re5 Qc7 10. h3 Bh5 11. Ne4 Nbd7 12. Nxf6+ Nxf6 13. Bg5 Bd6 14. Bxf6 Bxf3 15. Qxf3 gxf6 16. Re3 Be7 17. d5 cxd5 18. Bxd5 Qxc2 19. Bxb7 Rd8 20. Qh5 Qg6 21. Qb5+ Kf8 22. Rg3 Qh6 23. Qa5 Rg8 24. Re3 Qg5 25. Qxa7 Bc5 26. Qa5 Kg7 27. Rg3 Qxg3 28. Qxc5 Qe5 29. Qxe5 fxe5 30. a4 Rb8 31. Bc6 Rxb2 32. a5 Rc8 33. a6 Rxc6 34. a7 Rc8 35. a8Q Rxa8 36. Rxa8 f5 37. Ra6 Kf6 38. Ra7 h6 39. Rh7 Kg6 40. Rh8 e4 41. Rg8+ Kf7 42. Rh8 Kg7 43. Re8 Rb6 44. Rc8 e5 45. Re8 Kf6 46. g3 Rb5 47. Rf8+ Kg6 1/2-1/2

[Event "Coventry op"]
[Site "Coventry"]
[Date "2005.03.27"]
[Round "7"]
[White "Duggan, Michael"]
[Black "Buckley, David"]
[Result "0-1"]
[WhiteElo "2096"]
[BlackElo "2223"]
[PlyCount "56"]
[EventDate "2005.03.24"]
[EventType "swiss"]
[EventRounds "9"]
[EventCountry "ENG"]
[SourceTitle "CBM 105 Extra"]
[Source "ChessBase"]
[SourceDate "2005.05.01"]
[SourceVersion "1"]
[SourceVersionDate "2005.05.01"]
[SourceQuality "1"]

1. e4 c5 2. a3 g6 3. b4 Bg7 4. Nc3 d6 5. Nf3 Nc6 6. Bb5 Bd7 7. 0-0 Nxb4 8. e5 Bxb5 9. Nxb5 Nc6 10. Rb1 dxe5 11. Re1 Nh6 12. d4 exd4 13. Bf4 0-0 14. Nc7 Rb8 15. Ne6 fxe6 16. Bxb8 Qxb8 17. Rxe6 Qc8 18. Qe2 d3 19. Qe4 dxc2 20. Re1 Nf5 21. h4 Nfd4 22. Nxd4 Bxd4 23. h5 Bxf2+ 24. Kh1 Bxe1 25. Rxg6+ Kh8 26. Qe3 c1Q 27. Qxc1 Rf1+ 28. Kh2 Bg3+ 0-1

[Event "Smith & Williamson YM-B 8th"]
[Site "Witley"]
[Date "1998.07.23"]
[Round "8"]
[White "Duggan, Michael"]
[Black "Kieran, Rosalind"]
[Result "1/2-1/2"]
[WhiteElo "1919"]
[BlackElo "2025"]
[PlyCount "79"]
[EventDate "1998.07.20"]
[EventType "swiss"]
[EventRounds "11"]
[EventCountry "ENG"]
[SourceTitle "EXT 1999"]
[Source "ChessBase"]
[SourceDate "1998.11.16"]
[SourceVersion "1"]
[SourceVersionDate "1998.11.16"]
[SourceQuality "1"]

1. e4 c5 2. Nf3 d6 3. c3 Nf6 4. h3 Nc6 5. Bd3 g6 6. Bc2 Bg7 7. 0-0 0-0 8. d4 cxd4 9. cxd4 Bd7 10. Re1 Rc8 11. e5 dxe5 12. dxe5 Ne8 13. Bb3 Nc7 14. Nc3 Na5 15. Be3 b6 16. Qe2 Ne6 17. Red1 Qe8 18. Bd5 Nc7 19. Be4 Nb5 20. Nd5 h6 21. Qd2 Nc4 22. Qb4 Nxe3 23. Nxe7+ Kh7 24. fxe3 a5 25. Qd2 Qxe7 26. Qxd7 Qc5 27. Nd4 Bxe5 28. Rd3 Rcd8 29. Ne6 Rxd7 30. Nxc5 Rxd3 31. Nxd3 Bf6 32. Bc6 Nd6 33. e4 Bd4+ 34. Kf1 Nc4 35. Ke2 Nxb2 36. Nxb2 Bxb2 37. Rb1 Bd4 38. Rd1 Bc5 39. Rd7 Kg7 40. Bd5 1/2-1/2

[Event "Smith & Williamson YM-B 8th"]
[Site "Witley"]
[Date "1998.07.22"]
[Round "5"]
[White "Debbage, Leigh"]
[Black "Duggan, Michael"]
[Result "1/2-1/2"]
[WhiteElo "2075"]
[BlackElo "1919"]
[PlyCount "38"]
[EventDate "1998.07.20"]
[EventType "swiss"]
[EventRounds "11"]
[EventCountry "ENG"]
[SourceTitle "EXT 1999"]
[Source "ChessBase"]
[SourceDate "1998.11.16"]
[SourceVersion "1"]
[SourceVersionDate "1998.11.16"]
[SourceQuality "1"]

1. d4 Nf6 2. c4 e5 3. dxe5 Ne4 4. Nf3 Bb4+ 5. Nbd2 Nc6 6. a3 Nxd2 7. Bxd2 Bxd2+ 8. Qxd2 Qe7 9. Qc3 0-0 10. e3 Re8 11. Be2 Nxe5 12. Nxe5 Qxe5 13. Qxe5 Rxe5 14. 0-0 f5 15. Bf3 c6 16. Rfd1 Kf7 17. Rd4 b5 18. cxb5 Rxb5 19. Rb4 Rab8 1/2-1/2

[Event "Smith & Williamson YM-B 8th"]
[Site "Witley"]
[Date "1998.07.22"]
[Round "6"]
[White "Duggan, Michael"]
[Black "Broomfield, Matthew"]
[Result "1/2-1/2"]
[WhiteElo "1919"]
[BlackElo "2105"]
[PlyCount "45"]
[EventDate "1998.07.20"]
[EventType "swiss"]
[EventRounds "11"]
[EventCountry "ENG"]
[SourceTitle "EXT 1999"]
[Source "ChessBase"]
[SourceDate "1998.11.16"]
[SourceVersion "1"]
[SourceVersionDate "1998.11.16"]
[SourceQuality "1"]

1. e4 c5 2. Nf3 d6 3. c3 Nf6 4. Be2 e6 5. 0-0 Be7 6. Qc2 Nc6 7. Rd1 d5 8. d3 Qc7 9. Bg5 0-0 10. Nbd2 e5 11. Bxf6 Bxf6 12. exd5 Ne7 13. c4 Nf5 14. Ne4 Be7 15. Rac1 Nd6 16. Nxd6 Bxd6 17. Ng5 Be7 18. Ne4 Qb6 19. a3 f5 20. Nc3 Bd6 21. Nb5 Be7 22. Nc3 Bd6 23. Nb5 1/2-1/2

[Event "Smith & Williamson YM-B 8th"]
[Site "Witley"]
[Date "1998.07.21"]
[Round "4"]
[White "Duggan, Michael"]
[Black "Garner, David"]
[Result "1/2-1/2"]
[WhiteElo "1919"]
[BlackElo "2090"]
[PlyCount "41"]
[EventDate "1998.07.20"]
[EventType "swiss"]
[EventRounds "11"]
[EventCountry "ENG"]
[SourceTitle "EXT 1999"]
[Source "ChessBase"]
[SourceDate "1998.11.16"]
[SourceVersion "1"]
[SourceVersionDate "1998.11.16"]
[SourceQuality "1"]

1. Nc3 d5 2. e4 e6 3. d3 dxe4 4. Nxe4 Bd7 5. Ne2 Bc6 6. Be3 Nf6 7. Nxf6+ Qxf6 8. Bd4 Qg5 9. Qd2 Qxd2+ 10. Kxd2 Nd7 11. Rb1 e5 12. Bc3 Bd5 13. Re1 0-0-0 14. f4 Bd6 15. fxe5 Nxe5 16. Ng3 Ng4 17. Kc1 Nxh2 18. Nf5 Nxf1 19. Rhxf1 Bxg2 20. Nxd6+ cxd6 21. Rxf7 1/2-1/2